[Event "Titled Tuesday intern op 13th Dec Early"]
[Site "Chess.com INT"]
[Date "2022.12.13"]
[Round "3"]
[White "Weetik, Vjacheslav"]
[Black "Molina Carretero, Daniel"]
[Result "1-0"]
[WhiteElo "2423"]
[BlackElo "2218"]
[PlyCount "101"]
[EventDate "2022.12.13"]
[EventType "swiss (blitz)"]
[EventRounds "11"]
[EventCountry "USA"]
[SourceTitle "EXT 2024"]
[Source "ChessBase"]
[SourceDate "2023.10.10"]
[SourceVersion "1"]
[SourceVersionDate "2023.10.10"]
[SourceQuality "1"]

1. d4 Nf6 2. Nf3 e6 3. c4 b6 4. g3 Ba6 5. b3 Bb4+ 6. Bd2 Be7 7. Nc3 d5 8. cxd5 exd5 9. Bg2 Nbd7 10. Ne5 Bb7 11. 0-0 0-0 12. Bf4 Rc8 13. Rc1 a6 14. Qd3 Re8 15. Rc2 c5 16. dxc5 Nxc5 17. Qd1 Nce4 18. Nxe4 dxe4 19. Rd2 Qc7 20. Nxf7 Qc6 21. Nd6 Bxd6 22. Rxd6 Qb5 23. Qd4 Nd5 24. Bd2 Nf6 25. Rxb6 Qxe2 26. Bg5 Red8 27. Qe5 e3 28. Qxe3 Qxe3 29. Bxe3 Bxg2 30. Kxg2 Nd5 31. Rxa6 Nxe3+ 32. fxe3 Rd2+ 33. Rf2 Rxf2+ 34. Kxf2 g5 35. Kf3 h5 36. Rg6+ Kf7 37. Rxg5 Rh8 38. h4 Kf6 39. a4 Rh7 40. a5 Rb7 41. Rxh5 Rxb3 42. a6 Ra3 43. Rh6+ Kg7 44. Rb6 Kf7 45. h5 Kg7 46. g4 Kf7 47. g5 Kg7 48. Rb7+ Kh8 49. a7 Ra1 50. Rb8+ Kh7 51. a8Q 1-0

[Event "Titled Tuesday intern op 20th Sep Early"]
[Site "Chess.com INT"]
[Date "2022.09.20"]
[Round "11"]
[White "Barash, Anton"]
[Black "Molina Carretero, Daniel"]
[Result "0-1"]
[WhiteElo "2138"]
[BlackElo "2218"]
[PlyCount "78"]
[EventDate "2022.09.20"]
[EventType "swiss (blitz)"]
[EventRounds "11"]
[EventCountry "USA"]
[SourceTitle "EXT 2023"]
[Source "ChessBase"]
[SourceDate "2022.10.05"]
[SourceVersion "1"]
[SourceVersionDate "2022.10.05"]
[SourceQuality "1"]

1. e4 c5 2. Nf3 d6 3. d4 cxd4 4. Nxd4 Nf6 5. Nc3 g6 6. Be3 Bg7 7. f3 Nc6 8. Qd2 0-0 9. g4 Nxd4 10. Bxd4 Be6 11. 0-0-0 Qa5 12. a3 Rfc8 13. h4 Rab8 14. h5 b5 15. hxg6 hxg6 16. Nd5 Qxd2+ 17. Rxd2 Nxd5 18. Bxg7 Kxg7 19. exd5 Bd7 20. Bd3 Rh8 21. Re1 e5 22. dxe6 Bxe6 23. Be4 Rb6 24. Red1 Rd8 25. Bd5 Kf6 26. Bxe6 fxe6 27. b3 d5 28. Re2 Rc8 29. Rde1 g5 30. Kb2 a5 31. Re5 b4 32. a4 Rbc6 33. R5e3 Rxc2+ 34. Kb1 R8c6 35. Rxe6+ Rxe6 36. Rxe6+ Kxe6 37. Kxc2 Ke5 38. Kd3 Kf4 39. Kd4 Kxf3 0-1

[Event "Titled Tuesday intern op 20th Sep Early"]
[Site "Chess.com INT"]
[Date "2022.09.20"]
[Round "8"]
[White "Johnson, Ben"]
[Black "Molina Carretero, Daniel"]
[Result "1/2-1/2"]
[WhiteElo "2050"]
[BlackElo "2218"]
[PlyCount "127"]
[EventDate "2022.09.20"]
[EventType "swiss (blitz)"]
[EventRounds "11"]
[EventCountry "USA"]
[SourceTitle "EXT 2023"]
[Source "ChessBase"]
[SourceDate "2022.10.05"]
[SourceVersion "1"]
[SourceVersionDate "2022.10.05"]
[SourceQuality "1"]

1. Nf3 Nf6 2. c4 e6 3. b3 d5 4. e3 Be7 5. Bb2 c5 6. cxd5 exd5 7. Bb5+ Bd7 8. Bxd7+ Nbxd7 9. 0-0 0-0 10. d4 Rc8 11. Nc3 Qc7 12. Rc1 b6 13. dxc5 bxc5 14. Nxd5 Nxd5 15. Qxd5 Nf6 16. Qe5 Qxe5 17. Nxe5 Rfd8 18. Rfd1 Kf8 19. Rxd8+ Rxd8 20. Nc6 Rd2 21. Rb1 Ne4 22. f3 Nf2 23. Nxa7 Nd3 24. Bc3 Rxa2 25. Nc6 Bg5 26. f4 Bxf4 27. exf4 Nxf4 28. Be5 Nxg2 29. Bd6+ Ke8 30. Bxc5 Nh4 31. Re1+ Kd7 32. Ne5+ Kc7 33. Bf2 Nf5 34. Nxf7 Rb2 35. Re5 g6 36. Rb5 Rb1+ 37. Kg2 Rb2 38. Kf3 Rc2 39. Bg3+ Kc6 40. Rb4 Rc3+ 41. Kg4 Ne3+ 42. Kg5 Rc5+ 43. Kh6 Rh5+ 44. Kg7 Nf5+ 45. Kf6 Nxg3 46. hxg3 Rf5+ 47. Kg7 Rf3 48. g4 Rg3 49. Kxh7 Kc5 50. Rb8 Rxg4 51. Nh8 g5 52. Kh6 Rb4 53. Rc8+ Kd4 54. Rd8+ Kc3 55. Re8 g4 56. Re3+ Kb2 57. Rg3 Ka3 58. Ng6 Rxb3 59. Rxb3+ Kxb3 60. Nf4 g3 61. Kg5 Kc4 62. Kg4 Kd4 63. Ng2 Ke4 64. Kxg3 1/2-1/2